000 00273nam a2200121Ia 4500
008 190216s9999||||xx |||||||||||||| ||und||
100 _aParameswara Iyer
245 0 _aChitrasala
260 _bUlloor Publishers
_c1976
300 _a56p
650 _aKavithkal
942 _cBK
999 _c24249
_d24249